EMEA investor intentions survey 2015 (Record no. 115596)

MARC details
000 -LEADER
fixed length control field 01912cad a22002655a 4500
001 - CONTROL NUMBER
control field L158942
008 - FIXED-LENGTH DATA ELEMENTS--GENERAL INFORMATION
fixed length control field 101207s2015 xxk 000 0 eng u
035 ## - SYSTEM CONTROL NUMBER
System control number (Sirsi) u158942
041 0# - LANGUAGE CODE
Language code of text/sound track or separate title eng
050 04 - LIBRARY OF CONGRESS CALL NUMBER
Classification number 333.337
110 2# - MAIN ENTRY--CORPORATE NAME
Corporate name or jurisdiction name as entry element CBRE
245 05 - TITLE STATEMENT
Title EMEA investor intentions survey 2015
Medium [electronic resource]
260 ## - PUBLICATION, DISTRIBUTION, ETC.
Place of publication, distribution, etc. [S.l.]
Name of publisher, distributor, etc. CBRE
Date of publication, distribution, etc. 2015
520 ## - SUMMARY, ETC.
Summary, etc. Survey compiled from responses of the EMEA property investment community. Comparisons with previous years suggest that 2015 will be another strong year for investment activity, with some owners also taking advantage of the strong market to sell as well as buy. Not surprisingly, given the level of interest in real estate and the capital value growth that has been seen in recent years, access to competitively priced stock is the biggest problem for investors in today?s market. Nearly all (91%) of investors cited one of ?Availability of Assets?, ?Asset Pricing? or ?Competition from Other Investors' as the biggest obstacle to acquiring assets in the EMEA region. In contrast factors such as 'Availability/Cost of Debt', which were huge issues just a few years ago (nearly 30% in the 2012 survey) have disappeared from investors' lists of concerns. Search for yield also continues to drive investors up the risk curve. 40% of investors said that they would be looking to take more risk in 2015 than in 2014, compared to just 9% who said that their appetite for risk was lower than last year.
521 ## - TARGET AUDIENCE NOTE
Target audience note Advanced
590 ## - LOCAL NOTE (RLIN)
Local note KA
650 24 - SUBJECT ADDED ENTRY--TOPICAL TERM
Topical term or geographic name entry element PROPERTY INVESTMENT
650 24 - SUBJECT ADDED ENTRY--TOPICAL TERM
Topical term or geographic name entry element INVESTORS
650 24 - SUBJECT ADDED ENTRY--TOPICAL TERM
Topical term or geographic name entry element PROPERTY-COMMERCIAL PROPERTY-COMMERCIAL PROPERTY MARKET
650 24 - SUBJECT ADDED ENTRY--TOPICAL TERM
Topical term or geographic name entry element PROPERTY-INVESTMENT PROPERTY
651 #4 - SUBJECT ADDED ENTRY--GEOGRAPHIC NAME
Geographic name Europe
690 ## - LOCAL SUBJECT ADDED ENTRY--TOPICAL TERM (OCLC, RLIN)
Topical term or geographic name as entry element Investments
9 (RLIN) 6250
856 41 - ELECTRONIC LOCATION AND ACCESS
Uniform Resource Identifier <a href="https://www.cbre.com/research-and-reports/emea-investor-intentions-survey-2015">https://www.cbre.com/research-and-reports/emea-investor-intentions-survey-2015</a>
Public note View the items free of charge (free registration) at www.cbre.com...
942 ## - ADDED ENTRY ELEMENTS (KOHA)
Suppress in OPAC 0
Holdings
Withdrawn status Lost status Source of classification or shelving scheme Damaged status Not for loan Home library Current library Shelving location Date acquired Total Checkouts Full call number Barcode Date last seen Copy number Price effective from Koha item type
    Dewey Decimal Classification     Virtual Virtual Online 21/10/2015   ONLINE PUBLICATION 158942-2001 06/08/2019 1 06/08/2019 Book